| 000 | 01178cam a2200241 4500 | ||
|---|---|---|---|
| 001 | ABS65525 | ||
| 008 | 020520n2002 000 0 eng u | ||
| 035 | _a(Sirsi) u118054 | ||
| 100 | _aGlosserman, M | ||
| 245 | _aBroadly speaking | ||
| 260 | _c2002 | ||
| 490 |
_aProperty Week _v37(17) 3 May 2002, 46-47(2) |
||
| 520 | _aLandlords and tenants are waking up to the financial potential of dedicated broadband access. Business tenants in future will expect their buildings to be broadband-enabled as a rule. Explains the significance of broadband development and the delivery methods available. Installation of broadband allows full integration of other existing building functions such as security, ventilation and other utilities. Landlords view upgrading to broadband as part of their longer-term refurbishment programmes. | ||
| 590 | _aABS | ||
| 650 | _aBROADBAND | ||
| 650 | _aINTERNET | ||
| 650 | _aPROPERTY INVESTMENT | ||
| 650 | _aSMART BUILDINGS | ||
| 650 | _aPROPERTY-COMMERCIAL PROPERTY-OFFICE PROPERTY-OFFICE PROPERTY MARKET | ||
| 650 | _aPROPERTY-COMMERCIAL PROPERTY | ||
| 690 | _aMANAGEMENT-BUSINESS MANAGEMENT-INFORMATION MANAGEMENT | ||
| 942 | _n0 | ||
| 999 |
_c70297 _d70297 |
||